000
00331nam a22001457a 4500
003
OSt
005
20160727222350.0
008
160622b xxu||||| |||| 00| 0 eng d
040
_c
test
100
_9
364
_a
Hugo, V,
245
_a
Les Miserables
260
_a
Better Your Self Book
_c
1986
300
_a
Les Miserables
942
_2
ddc
_c
BK
999
_c
296
_d
296